বিষয়বস্তু এড়িয়ে যান

Клиническая психология учебное пособие

Учебно-методическое пособие содержит материал, соответствующий программе дисциплины «Клиническая психология» и состоит из пяти модулей, тестовых заданий, вопросов к зачету и экзамену, глоссария. В каждом модуле раскрываются основные направления клинической психологии: патопсихология, нейропсихология...

সম্পূর্ণ বিবরণ

সংরক্ষণ করুন:
গ্রন্থ-পঞ্জীর বিবরন
প্রধান লেখক: Полиданов М. А.
অন্যান্য লেখক: Ильина Л. С., Петрунькин Р. П.
বিন্যাস: Книга
ভাষা:Russian
প্রকাশিত: Самара 2025
অনলাইন ব্যবহার করুন:https://e.lanbook.com/book/494621
https://e.lanbook.com/img/cover/book/494621.jpg
ট্যাগগুলো: ট্যাগ যুক্ত করুন
কোনো ট্যাগ নেই, প্রথমজন হিসাবে ট্যাগ করুন!
LEADER 02831nam0a2200289 i 4500
001 494621
003 RuSpLAN
005 20250627135451.0
008 250627s2025 ru gs 000 0 rus
040 |a RuSpLAN 
041 0 |a rus 
044 |a ru 
080 |a 159.9 (075.8) 
084 |a 88я73  |2 rubbk 
245 0 0 |a Клиническая психология  |b учебное пособие  |c Полиданов М. А.,Ильина Л. С.,Петрунькин Р. П. 
260 |a Самара  |c 2025 
300 |a 67 с. 
504 |a Библиогр.: доступна в карточке книги, на сайте ЭБС Лань 
520 8 |a Учебно-методическое пособие содержит материал, соответствующий программе дисциплины «Клиническая психология» и состоит из пяти модулей, тестовых заданий, вопросов к зачету и экзамену, глоссария. В каждом модуле раскрываются основные направления клинической психологии: патопсихология, нейропсихология, психология аномального развития и психосоматика. Каждый модуль включает в себя тему лекций и планы семинарских, практический занятий, ситуационные задачи, примерные темы докладов. Основная задача данного пособия состоит в том, чтобы углубить, систематизировать и закрепить теоретические знания студентов и сформировать навыки, умения по основным направлениям профессиональной деятельности. А также поможет разобраться в наиболее сложных вопросах клинической психологии. Представленные материалы могут быть полезны преподавателям психологии и студентам высших учебных заведений, будущим специалистам психологического и психолого-педагогического профиля. 
521 8 |a Книга из коллекции - Психология. Педагогика 
521 8 |a СЭБ 
100 1 |a Полиданов М. А. 
700 1 |a Ильина Л. С. 
700 1 |a Петрунькин Р. П. 
856 4 |u https://e.lanbook.com/book/494621 
856 4 8 |u https://e.lanbook.com/img/cover/book/494621.jpg 
953 |a https://e.lanbook.com/img/cover/book/494621.jpg